Zur Dialektik von Wirtschaft und Gesellschaft

Uložené v:
Podrobná bibliografia
Médium: Kniha
Jazyk:German
Vydavateľské údaje: Berlin Hochschule für Ökonomie "Bruno Leuschner" 1983
Tagy: Pridať tag
Žiadne tagy, Buďte prvý, kto otaguje tento záznam!

MARC

LEADER 00000nam a2200000 4500
001 c136351
005 20041019155306.9
041 0 |a ger 
044 |a DE 
245 1 0 |a Zur Dialektik von Wirtschaft und Gesellschaft 
264 1 |a Berlin  |b Hochschule für Ökonomie "Bruno Leuschner"  |c 1983 
300 |a 120 s.